Ładuje się......

Ratnavali /

Opis bibliograficzny
1. autor: Harsha
Format: Printed Book
Język:English
Wydane: Delhi : Global Vision Publishing House , 2004.
Seria:Global Sanskrit Literature Series in English. 4.
LEADER 00553nam a22001577a 4500
008 190824b ||||| |||| 00| 0 eng d
999 |c 343024  |d 343024 
020 |a 8182200113 
082 |a 891.223 RAT 
100 |a Harsha. 
245 |a Ratnavali /  |c By Harsha. 
260 |a Delhi :  |b Global Vision Publishing House ,  |c 2004. 
300 |a 80p. 
490 |a Global Sanskrit Literature Series in English.  |v 4. 
942 |c BK 
952 |0 0  |1 0  |2 ddc  |4 0  |6 891_223000000000000_RAT  |7 0  |9 393795  |a SAN  |b SAN  |c ST1  |d 2019-08-24  |g 190.00  |l 1  |o 891.223 RAT  |p SAN8906  |r 2019-10-17  |s 2019-08-24  |y BK